000766813 001__ 766813 000766813 005__ 20230227135503.0 000766813 0247_ $$2ISSN$$a0015-7899 000766813 0247_ $$2ISSN$$a1434-0860 000766813 0247_ $$2SCOPUS$$aSCOPUS:2-s2.0-85071131723 000766813 0247_ $$2WOS$$aWOS:000482422600027 000766813 0247_ $$2doi$$a10.1007/s10010-019-00370-5 000766813 037__ $$aRWTH-2019-08346 000766813 041__ $$aGerman 000766813 082__ $$a600 000766813 1001_ $$0P:(DE-82)IDM02331$$aGoergen, Fabian$$b0$$eCorresponding author$$urwth 000766813 245__ $$aAbbildung der Zahnflankenbeanspruchung durch ein Analogiekonzept zur Erzeugung der Schadensart Zahnflankenbruch$$honline, print 000766813 246_3 $$aTransfer of the tooth flank stress into an analogy test concept to provoke the damage pattern tooth flank fracture (TFF)$$yEnglish 000766813 260__ $$aBerlin ; Heidelberg$$bSpringer$$c2019 000766813 3367_ $$00$$2EndNote$$aJournal Article 000766813 3367_ $$0PUB:(DE-HGF)16$$2PUB:(DE-HGF)$$aJournal Article$$bjournal$$mjournal 000766813 3367_ $$0PUB:(DE-HGF)7$$2PUB:(DE-HGF)$$aContribution to a book 000766813 3367_ $$2BibTeX$$aARTICLE 000766813 3367_ $$2DRIVER$$aarticle 000766813 3367_ $$2DataCite$$aOutput Types/Journal article 000766813 3367_ $$2ORCID$$aJOURNAL_ARTICLE 000766813 588__ $$aDataset connected to Web of Science, Web of Science, , CrossRef 000766813 591__ $$aGermany 000766813 7001_ $$0P:(DE-82)IDM00329$$aBrecher, Christian$$b1$$urwth 000766813 7001_ $$0P:(DE-82)IDM01024$$aLöpenhaus, Christoph$$b2$$urwth 000766813 770__ $$aBest of Gears 2019 / Issue Editors: Karsten Stahl, Bernd-Robert Höhn, Bernhard Bouché 000766813 773__ $$0PERI:(DE-600)1481282-4$$a10.1007/s10010-019-00370-5$$n3$$p589-601$$tForschung im Ingenieurwesen = Engineering research$$v83$$x1434-0860$$y2019 000766813 909CO $$ooai:publications.rwth-aachen.de:766813$$pVDB 000766813 9151_ $$0StatID:(DE-HGF)0031$$2StatID$$aPeer reviewed article$$x0 000766813 915__ $$0StatID:(DE-HGF)0100$$2StatID$$aJCR$$bFORSCH INGENIEURWES : 2017 000766813 915__ $$0StatID:(DE-HGF)0111$$2StatID$$aWoS$$bScience Citation Index Expanded 000766813 915__ $$0StatID:(DE-HGF)0150$$2StatID$$aDBCoverage$$bWeb of Science Core Collection 000766813 915__ $$0StatID:(DE-HGF)0199$$2StatID$$aDBCoverage$$bClarivate Analytics Master Journal List 000766813 915__ $$0StatID:(DE-HGF)0200$$2StatID$$aDBCoverage$$bSCOPUS 000766813 915__ $$0StatID:(DE-HGF)0420$$2StatID$$aNationallizenz 000766813 915__ $$0StatID:(DE-HGF)1160$$2StatID$$aDBCoverage$$bCurrent Contents - Engineering, Computing and Technology 000766813 915__ $$0StatID:(DE-HGF)9900$$2StatID$$aIF < 5 000766813 9141_ $$y2019 000766813 9101_ $$0I:(DE-588b)36225-6$$6P:(DE-82)IDM02331$$aRWTH Aachen$$b0$$kRWTH 000766813 9101_ $$0I:(DE-588b)36225-6$$6P:(DE-82)IDM00329$$aRWTH Aachen$$b1$$kRWTH 000766813 9101_ $$0I:(DE-588b)36225-6$$6P:(DE-82)IDM01024$$aRWTH Aachen$$b2$$kRWTH 000766813 9201_ $$0I:(DE-82)417200_20140620$$k417200$$lWerkzeugmaschinenlabor WZL der RWTH Aachen$$x0 000766813 9201_ $$0I:(DE-82)417310_20140620$$k417310$$lLehrstuhl für Werkzeugmaschinen$$x1 000766813 961__ $$c2019-09-16T14:48:34.192303$$x2019-09-16T14:48:34.192303$$z2019-09-16T14:48:34.192303 000766813 980__ $$aI:(DE-82)417200_20140620 000766813 980__ $$aI:(DE-82)417310_20140620 000766813 980__ $$aUNRESTRICTED 000766813 980__ $$aVDB 000766813 980__ $$acontb 000766813 980__ $$ajournal